000
00292nam a22001337a 4500
008
170608b xxu||||| |||| 00| 0 eng d
020
_a
0801824521
041
_a
eng
080
_a
338
100
_a
338
101
_a
SHP
245
_a
THE POVERTY OF NATION
_c
MURDOCH.W.W
942
_2
udc
_c
BK
999
_c
16488
_d
16488